000 00345 a2200157 4500
001 71697
020 _a8526250795
040 _cAnchieta - Colégio São Paulo
100 _aLópez, Amélia
240 1 0 _aRobinson Crusoé
_lpor
245 1 0 _aRobinson Crusoé
300 _a30
362 0 _a2004
650 4 _aLiteratura infantil
942 _cBK
999 _c71697
_d71697